| 000 | 00765nam a22002297a 4500 | ||
|---|---|---|---|
| 999 |
_c20370 _d20370 |
||
| 003 | AR-CdUCM | ||
| 008 | 190529b ||||| |||| 00| 0 fre d | ||
| 040 |
_aMUNICIPALIDAD PROVINCIAL DEL CUSCO _cBIBLIOTECA MUNICIPAL DEL CUSCO |
||
| 041 | _hfre | ||
| 082 |
_a949.5 / _bG81 |
||
| 110 |
_aOficina nacional de turismo helénica de Atenas. _942603 |
||
| 245 | _aGrece '84 / | ||
| 260 |
_aAtenas : _bAspioti-Elka, _c1983. |
||
| 300 |
_a224 páginas _c29 cm. _bFotografías y mapas. |
||
| 500 | _aTitulo y contenido en idioma francés | ||
| 505 | _aContenido: La primavera en Grecia -- Verano en Grecia -- El invierno en Grecia... | ||
| 650 |
_aGrecia _92521 |
||
| 650 |
_aTurismo _94560 |
||
| 650 |
_aMuseos _923145 |
||
| 942 |
_2ddc _cLIBROS |
||
| 945 | _aJavier | ||